00815 a2200229 4500003000500000005001700005010001600022020001500038035002000053040000900073082001600082245010900098250001100207260004500218300004500263505015200308650002700460650002800487700002300515700002100538700002600559Nust20230303091630.0 a 95079140 a0669332003 a(OCoLC)35096349 cNust00a320.321,MAN00aIntroduction to comparative politics /cgeneral editors Mark Kesselman, Joel Krieger, William A. Joseph. a4th ed aLexington, Mass. :bD. C. Heath,cc1996. axxiv, 741, 29 p. :bill., maps ;c24 cm. aPart-I Introduction (Page-2), Part-2 Consolidated (Page-36), Part-3 Transitional Democracies (Page-352), Part-4 Authoritarian Regimes (Page- 576).  0aComparative economics. 0aComparative government.1 aJoseph, William A.1 aKesselman, Mark.1 aKrieger, Joel,d1951-